Ochrany spotrebiteľa na trhu potravín EÚ
Aplikácia problematiky ochrany spotrebiteľa na trhu potravín v EÚ. Ochrana spotrebiteľa a spotrebiteľská politika v prostredí EÚ je jednou z jej hlavných priorít. Jednoznačným cieľom je však okrem kvalitnej ochrany spotrebiteľa i zlepšenie zdravotného stavu obyvateľov a tým prispieť aj k zlepšeniu k...
Guardado en:
| Autor principal: | |
|---|---|
| Otros Autores: | |
| Formato: | Capítulo de libro |
| Lenguaje: | eslovaco |
| Materias: | |
| Etiquetas: |
Sin Etiquetas, Sea el primero en etiquetar este registro!
|
MARC
| LEADER | 00000naa$a2200000$$$4500 | ||
|---|---|---|---|
| 001 | 0249991 | ||
| 005 | 20240502074013.1 | ||
| 041 | 0 | |a slo | |
| 044 | |a SK | ||
| 245 | 1 | 0 | |a Ochrany spotrebiteľa na trhu potravín EÚ |c Ľubica Foltínová, Denisa Gajdová |
| 520 | |a Aplikácia problematiky ochrany spotrebiteľa na trhu potravín v EÚ. Ochrana spotrebiteľa a spotrebiteľská politika v prostredí EÚ je jednou z jej hlavných priorít. Jednoznačným cieľom je však okrem kvalitnej ochrany spotrebiteľa i zlepšenie zdravotného stavu obyvateľov a tým prispieť aj k zlepšeniu kvality života všetkých jej občanov | ||
| 610 | 2 | 0 | |a ochrana spotrebiteľa |
| 610 | 2 | 0 | |a spotrebitelia |
| 610 | 2 | 0 | |a potraviny |
| 610 | 2 | 0 | |a priemysel potravinársky |
| 610 | 2 | 0 | |a trh spotrebiteľský |
| 610 | 2 | 0 | |a trh potravinový |
| 610 | 2 | 0 | |a Európska únia |
| 100 | 1 | |a Foltínová, Ľubica, 1975- | |
| 700 | 1 | |a Gajdová, Denisa, 1977- | |